| 000 | 00597nam a2200205Ia 4500 | ||
|---|---|---|---|
| 003 | OSt | ||
| 005 | 20250303134832.0 | ||
| 008 | 210210b1965 xxu||||| |||| 00| 0 eng d | ||
| 040 | _cAL | ||
| 041 | _ahin | ||
| 082 | _aH891.9 SHAM | ||
| 100 |
_aSHARM (Narayan): _9203409 |
||
| 110 |
_bशर्म नारायण _9203410 |
||
| 245 |
_aMira ki kavy kala aur jeevani: _bमीरा की काव्य कला और जीवनी |
||
| 260 |
_aAgra _bSarasvati Pustak Sadan _c1965 |
||
| 300 | _a108 | ||
| 690 |
_aHindi Miscellaneous _9203411 |
||
| 906 | _a029399 | ||
| 942 |
_2ddc _cBK |
||
| 999 |
_c80620 _d80620 |
||